| 000 | 01292cam a22003497a 4500 | ||
|---|---|---|---|
| 003 | CHAP | ||
| 005 | 20220329134104.0 | ||
| 008 | 971013s1967 r 00010 d | ||
| 010 | _a15221 | ||
| 011 | _a16193 | ||
| 035 | _a20271 | ||
| 040 | _cCHAP | ||
| 082 |
_a631.586 _bG7 |
||
| 100 | 0 | 0 |
_aGreen, Christine R. _950542 |
| 245 | 1 | 3 | _aAn evaluation of precipitacion, vegetation and related factors on the Santa Rita Experimental Range |
| 260 |
_a(Tucson) : _bUniversity of Arizona. Institute of Atmospheric Physics, _c1967 |
||
| 300 |
_a82 h. _b: ilus |
||
| 490 | 0 |
_aTechnical reports on the meteorology and climatology of arid regions _v; 17 |
|
| 590 |
_aBATCH-UPD _b10 _c20130110 _lUCH01 _h1120 |
||
| 590 |
_aBATCH-UPD _b10 _c20130410 _lUCH01 _h0710 |
||
| 590 |
_aBATCH-UPD _b10 _c20130914 _lUCH01 _h1728 |
||
| 590 |
_aCONVERSION _b10 _c20130109 _lUCH01 _h1310 |
||
| 650 | 1 | 4 |
_aLluvia _xEfecto en vegetación. _967323 |
| 650 | 1 | 4 |
_aLluvia _xMedición. _967325 |
| 650 | 1 | 4 |
_aLluvia _xRegiones áridas. _967337 |
| 650 | 1 | 4 |
_aSuelos _xHumedad. _9110391 |
| 700 | 0 |
_aMartín, S. Clark. _971758 |
|
| 830 | 0 |
_aTechnical reports on the meteorology and climatology of arid regions _v; 17 _9111912 |
|
| 901 | _aBK | ||
| 942 | _cLIBRO | ||
| 949 |
_a631.586 G7 _bBC _cLIBRO _d33724000162830 _eLIBRO _i20271 _si |
||
| 999 |
_c15221 _d15221 |
||